"Die Türken kommen!" : Exotik und Erotik: Mozart in Koblenz und die Orient-Sehnsucht in der Kunst ; Katalog zur Ausstellung im Mittelrhein-Museum Koblenz, 25. November 2006 bis 18. Februar 2007
Saved in:
| Other Authors: | |
|---|---|
| Document Type: | Book |
| Language: | German |
| Published: |
[Koblenz]
: Verl. der Landesarchivverwaltung Rheinland-Pfalz
, 2006
|
| Series: | Veröffentlichungen der Landesarchivverwaltung Rheinland-Pfalz
107 |
| Subjects: | |
| Online Access: | Inhaltsverzeichnis Inhaltsverzeichnis |
| Related Items: | Rezensiert in:
[Rezension von: Beate Dorfey, Mario Kramp (Hg.), „Die Türken kommen!"] |
| Author Notes: | hrsg. von Beate Dorfey und Mario Kramp. [Autorinnen und Autoren: Uwe Baur ...] |
| LEADER | 06472cam a2201177 c 4500 | ||
|---|---|---|---|
| 001 | 522199666 | ||
| 003 | DE-627 | ||
| 005 | 20260317144023.0 | ||
| 007 | tu | ||
| 008 | 070110s2006 gw ||||| c 00| ||ger c | ||
| 015 | |a 07,N01,2497 |2 dnb | ||
| 015 | |a 07,B25,0289 |2 dnb | ||
| 016 | 7 | |a 98220857X |2 DE-101 | |
| 020 | |a 9783931014704 |q : (Pr. in Vorb.) |9 978-3-931014-70-4 | ||
| 020 | |a 3931014703 |q (Pr. in Vorb.) |9 3-931014-70-3 | ||
| 035 | |a (DE-627)522199666 | ||
| 035 | |a (DE-603)183619757 | ||
| 035 | |a (DE-576)261346318 | ||
| 035 | |a (DE-599)DNB98220857X | ||
| 035 | |a (OCoLC)180978210 | ||
| 035 | |a (OCoLC)180978210 | ||
| 035 | |a (OCoLC)152581634 | ||
| 035 | |a (AT-OBV)AC05813265 | ||
| 035 | |a (DE-604)BV022256614 | ||
| 040 | |a DE-627 |b ger |c DE-627 |e rakwb | ||
| 041 | |a ger | ||
| 044 | |c XA-DE-RP | ||
| 050 | 0 | |a NX650.E85 | |
| 082 | 0 | |a 704.949303074434323 |q OCLC | |
| 082 | 0 | 4 | |a 940 |a 700 |
| 084 | |a 700 |2 sdnb | ||
| 084 | |a 6,23 |2 ssgn | ||
| 084 | |a 9,10 |2 ssgn | ||
| 084 | |a LH 44490 |2 rvk |0 (DE-625)rvk/93544: | ||
| 084 | |a LH 81150 |2 rvk |0 (DE-625)rvk/95145: | ||
| 084 | |a 20.00 |2 bkl | ||
| 084 | |a 24.50 |2 bkl | ||
| 084 | |a 24.55 |2 bkl | ||
| 245 | 0 | 5 | |a "Die Türken kommen!" |b Exotik und Erotik: Mozart in Koblenz und die Orient-Sehnsucht in der Kunst ; Katalog zur Ausstellung im Mittelrhein-Museum Koblenz, 25. November 2006 bis 18. Februar 2007 |c hrsg. von Beate Dorfey und Mario Kramp. [Autorinnen und Autoren: Uwe Baur ...] |
| 264 | 1 | |a [Koblenz] |b Verl. der Landesarchivverwaltung Rheinland-Pfalz |c 2006 | |
| 300 | |a 296 S. |b zahlr. Ill., Kt. |c 28 cm | ||
| 336 | |a Text |b txt |2 rdacontent | ||
| 336 | |a unbewegtes Bild |b sti |2 rdacontent | ||
| 337 | |a ohne Hilfsmittel zu benutzen |b n |2 rdamedia | ||
| 338 | |a Band |b nc |2 rdacarrier | ||
| 490 | 1 | |a Veröffentlichungen der Landesarchivverwaltung Rheinland-Pfalz |v 107 | |
| 500 | |a Literaturverz. S. 286 - 291 | ||
| 583 | 1 | |a Archivierung/Langzeitarchivierung gewährleistet |f SSG |x XA-DE-BW |2 pdager |5 DE-16 | |
| 583 | 1 | |a Archivierung prüfen |c 20240324 |f DE-4165 |z 3 |2 pdager | |
| 583 | 1 | |a Archivierung/Langzeitarchivierung gewährleistet |f PERP |2 pdager |5 DE-36 | |
| 600 | 1 | 0 | |a Mozart, Wolfgang Amadeus |d 1756-1791 |t Entführung aus dem Serail |v Exhibitions |
| 600 | 1 | 7 | |0 (DE-588)118584596 |0 (DE-627)133447332 |0 (DE-576)16230370X |a Mozart, Wolfgang Amadeus |d 1756-1791 |2 gnd |
| 600 | 1 | 7 | |0 (DE-588)300108001 |0 (DE-627)701687940 |0 (DE-576)135474833 |a Mozart, Wolfgang Amadeus |d 1756-1791 |t Die Entführung aus dem Serail |2 gnd |
| 650 | 0 | |a Orientalism in art |v Exhibitions | |
| 650 | 0 | |a Arts, European |x Turkish influences |v Exhibitions | |
| 650 | 0 | |a Erotic art |v Exhibitions | |
| 650 | 0 | |a Art, Turkish |v Exhibitions | |
| 650 | 0 | 7 | |0 (DE-588)4033422-3 |0 (DE-627)106257315 |0 (DE-576)209001933 |a Künste |2 gnd |
| 650 | 0 | 7 | |0 (DE-588)4186406-2 |0 (DE-627)105279781 |0 (DE-576)210039000 |a Türkenbild |2 gnd |
| 650 | 0 | 7 | |0 (DE-588)4252308-4 |0 (DE-627)10473549X |0 (DE-576)210521856 |a Orientalismus |g Kunst |2 gnd |
| 651 | 7 | |0 (DE-588)4015701-5 |0 (DE-627)104289007 |0 (DE-576)208913092 |a Europa |2 gnd | |
| 651 | 7 | |0 (DE-588)4031410-8 |0 (DE-627)106265938 |0 (DE-576)208992138 |a Koblenz |2 gnd | |
| 655 | 7 | |a Ausstellungskatalog |x Mittelrhein-Museum |y 25.11.2006-18.2.2007 |z Koblenz |0 (DE-588)4135467-9 |0 (DE-627)10566491X |0 (DE-576)209660988 |2 gnd-content | |
| 689 | 0 | 0 | |d g |0 (DE-588)4015701-5 |0 (DE-627)104289007 |0 (DE-576)208913092 |a Europa |2 gnd |
| 689 | 0 | 1 | |d s |0 (DE-588)4033422-3 |0 (DE-627)106257315 |0 (DE-576)209001933 |a Künste |2 gnd |
| 689 | 0 | 2 | |d s |0 (DE-588)4186406-2 |0 (DE-627)105279781 |0 (DE-576)210039000 |a Türkenbild |2 gnd |
| 689 | 0 | 3 | |d s |0 (DE-588)4252308-4 |0 (DE-627)10473549X |0 (DE-576)210521856 |a Orientalismus |g Kunst |2 gnd |
| 689 | 0 | 4 | |a z |2 gnd |a Geschichte |
| 689 | 0 | |5 DE-101 | |
| 689 | 1 | 0 | |d g |0 (DE-588)4031410-8 |0 (DE-627)106265938 |0 (DE-576)208992138 |a Koblenz |2 gnd |
| 689 | 1 | 1 | |d p |0 (DE-588)118584596 |0 (DE-627)133447332 |0 (DE-576)16230370X |a Mozart, Wolfgang Amadeus |d 1756-1791 |2 gnd |
| 689 | 1 | |5 DE-101 | |
| 689 | 2 | 0 | |d u |0 (DE-588)300108001 |0 (DE-627)701687940 |0 (DE-576)135474833 |a Mozart, Wolfgang Amadeus |d 1756-1791 |t Die Entführung aus dem Serail |2 gnd |
| 689 | 2 | |5 (DE-627) | |
| 700 | 1 | |a Dorfey, Beate |d 1963- |e Hrsg. |0 (DE-588)13940368X |0 (DE-627)610539132 |0 (DE-576)171741633 |4 edt | |
| 700 | 1 | |a Kramp, Mario |d 1961- |e HerausgeberIn |0 (DE-588)114907218 |0 (DE-627)393978982 |0 (DE-576)17390095X |4 edt | |
| 700 | 1 | |a Baur, Uwe |d 1939- |0 (DE-588)130099198 |0 (DE-627)49085804X |0 (DE-576)160204496 |4 oth | |
| 710 | 2 | |a Mittelrhein Museum Koblenz |0 (DE-588)2019569-2 |0 (DE-627)102004455 |0 (DE-576)191729612 |4 oth | |
| 787 | 0 | 8 | |i Rezensiert in |a Zepf, Markus |t [Rezension von: Beate Dorfey, Mario Kramp (Hg.), „Die Türken kommen!"] |d Regensburg : Schnell und Steiner, 2008 |w (DE-627)1551133555 |w (DE-576)481133550 |
| 810 | 2 | |a Landesarchivverwaltung Rheinland-Pfalz |t Veröffentlichungen der Landesarchivverwaltung Rheinland-Pfalz |v 107 |9 107 |w (DE-627)129589543 |w (DE-576)001733109 |w (DE-600)238856-X |x 0556-834X |7 am | |
| 856 | 4 | 2 | |u http://bvbr.bib-bvb.de:8991/F?func=service&doc_library=BVB01&doc_number=015467324&line_number=0001&func_code=DB_RECORDS&service_type=MEDIA |m V:DE-604 |q application/pdf |v 20090731000000 |3 Inhaltsverzeichnis |7 1 |
| 856 | 4 | 2 | |u https://scans.hebis.de/HEBCGI/show.pl?18361975_toc.pdf |m V:DE-604 |q application/pdf |3 Inhaltsverzeichnis |7 1 |
| 935 | |i Blocktest | ||
| 936 | r | v | |a LH 44490 |b Koblenz |k Kunstgeschichte |k Allgemeines. Allgemeine Kunstgeschichte |k Ausstellungswesen, Ausstellungskataloge |k Ausstellungskataloge |k Orte K |k Koblenz |0 (DE-627)1270703870 |0 (DE-625)rvk/93544: |0 (DE-576)200703870 |
| 936 | r | v | |a LH 81150 |b 18. und 19. Jahrhundert |k Kunstgeschichte |k Allgemeines. Allgemeine Kunstgeschichte |k Kunstgeschichte einzelner Gattungen der Kunst |k Ikonographie, Ikonologie |k Ikonographie nach Epochen |k 18. und 19. Jahrhundert |0 (DE-627)1271119501 |0 (DE-625)rvk/95145: |0 (DE-576)201119501 |
| 936 | b | k | |a 20.00 |j Kunstwissenschaften: Allgemeines |0 (DE-627)106406493 |
| 936 | b | k | |a 24.50 |j Historische Musikwissenschaft |0 (DE-627)106406027 |
| 936 | b | k | |a 24.55 |j Komponisten |j Musiker |j Sänger |0 (DE-627)181571099 |
| 936 | s | n | |a l300 |2 mzub |
| 936 | s | n | |a m200 |2 mzub |
| 951 | |a BO | ||
| 990 | |a Europa | ||
| 990 | |a Künste | ||
| 990 | |a Türkenbild | ||
| 990 | |a Orientalismus | ||
| 990 | |a Geschichte | ||
| 990 | |a Koblenz | ||
| 990 | |a Mozart, Wolfgang Amadeus | ||
| 990 | |a Mozart, Wolfgang Amadeus / Die Entführung aus dem Serail | ||
| 991 | |a Rezensiertes Werk | ||
| 999 | |a KXP-PPN522199666 |e 4157509390 | ||


